[Event "Biel GM"]
[Site "Biel"]
[Date "2004.07.21"]
[Round "3"]
[White "Bacrot, Etienne"]
[Black "McShane, Luke J"]
[Result "1-0"]
[WhiteElo "2712"]
[BlackElo "2643"]
[Annotator "Krasenkow,M"]
[PlyCount "55"]
[EventDate "2004.07.19"]
[EventType "tourn"]
[EventRounds "10"]
[EventCountry "SUI"]
[EventCategory "18"]
[SourceTitle "CBM 102"]
[Source "ChessBase"]
[SourceDate "2004.09.23"]
[SourceVersion "1"]
[SourceVersionDate "2004.09.23"]
[SourceQuality "1"]

1. d4 Nf6 2. c4 g6 3. Nc3 d5 4. cxd5 Nxd5 5. e4 Nxc3 6. bxc3 Bg7 7. Nf3 c5 8.
Rb1 O-O 9. Be2 cxd4 10. cxd4 Qa5+ 11. Bd2 Qxa2 12. O-O Bg4 13. Bg5 h6 14. Be3
Nc6 15. d5 Rfd8 {This move is less popular than} (15... Bxf3) (15... Na5) ({and
} 15... Ne5) 16. Rxb7 e6 17. Rc7 (17. d6 $5 Bxf3 (17... Ne5 {leads to the main
line with 14...Ne5}) 18. gxf3 Qa3 (18... Bf8 19. d7 Ne5 20. Bb5 {again leads
to a position from the 14...Ne5 line}) 19. d7 e5 20. Qd5 Nd4 21. Bxd4 exd4 22.
f4 $36 {1-0 Van Beek,A-Potze,R/Groningen 2003/CBM 97 ext (29)}) (17. h3 {
is harmless:} Bxf3 (17... exd5 $2 18. hxg4 dxe4 19. Nd2 Bc3 20. Qb3 Qxb3 21.
Nxb3 Bg7 22. Rc1 {1-0 Bazhin,A-Suniajkin,B/Orsk 2000/EXT 2001 (22)}) 18. Bxf3
Ne5 19. Qe2 Qxe2 20. Bxe2 exd5 21. exd5 Rxd5 22. Bxa7 (22. f4 Rd7 23. Rfb1 Rxb7
24. Rxb7 Nc6 25. Bc4 Nd8 26. Rxa7 {1/2-1/2 Kargoll,B-Schneider,M/Pforzheim
1997/EXT 2001 (26)}) 22... Rd7 23. Rxd7 Nxd7 $11 {1/2-1/2 Wells,P-Grosse
Kloenne,E/Germany 1990/GER-chT2 (35)}) 17... Bxf3 (17... exd5 $5 18. Rxc6 dxe4
19. Nd2 Bxe2 20. Qxe2 a5 {as the a-pawn is very strong. Here is a practical
example:} 21. h4 a4 22. h5 g5 23. f4 Qd5 24. Rc5 Qd3 25. Qf2 Bd4 26. Bxd4 Qxd4
27. Qxd4 Rxd4 28. Nc4 gxf4 29. Rxf4 a3 30. Nxa3 Rxa3 31. Rc8+ Kg7 32. Rc7 Rg3
33. Rfxf7+ Kg8 34. Rfe7 Kf8 35. Kf2 Rg5 36. Ke3 Rd6 {1/2-1/2 Elsness,F-Bae,T/
Asker 2000/CBM 77 ext (36)}) 18. Bxf3 $5 $146 {[%mdl 8]} (18. gxf3 {is hardly
promising for White:} Nb4 (18... Ne5 $6 19. f4 Nd7 20. Rc2 Qa4 21. dxe6 fxe6
22. Rd2 Qc6 23. e5 (23. f5 $1 $16) 23... Qc7 24. Qb3 Nf8 $11 {1-0 Handke,
F-Wltschek,C/Regensburg 1998/EXT 2000 (35)}) 19. Bc4 Qb2 20. f4 (20. Rxa7 Rxa7
21. Bxa7 exd5 22. exd5 Qe5 23. Qb3 Nxd5 24. Rd1 Qg5+ 25. Kf1 Nf4 26. Rxd8+ Qxd8
27. Bxf7+ Kh7 $11 {1/2-1/2 Van Wely,L-Ivanchuk,V/Frankfurt 2000/CBM 76 ext (57)
}) 20... exd5 (20... a5 $2 21. d6 Na6 22. Bxa6 Rxa6 23. e5 $16 {1-0
Stankevicius,L-Haika,G/ICCF Email 2001/ICCF Telechess CBM 98 (34)}) 21. exd5
Qf6 22. d6 Qxd6 23. Qxd6 Rxd6 24. Bxf7+ Kh7 25. Bxa7 Rad8 26. Be3 (26. Bc5 Rc6)
26... Nd5 27. Rb7 R8d7 28. Rxd7 Rxd7 29. Be6 Nxe3 30. fxe3 Re7 31. f5 Be5 32.
h3 {1/2-1/2 Simonenko,S-Ernazarov,N/ICCF Email 2000/ICCF tele 09/2001 (32)})
18... Ne5 19. d6 ({After} 19. Qe2 Qxe2 20. Bxe2 exd5 21. exd5 a5 {Black should
not be worse.}) 19... Bf8 {Since this plan fails in the present game, Black
should probably try} (19... a5 $5) 20. Bc5 Qa5 21. Be2 {[%cal Yd1d4] White has
no serious threats (22. f4?? Bxd6!) but it is not easy for Black to make a
move!} Rac8 $6 (21... Rdc8 $142 22. Qa1 Qxa1 23. Rxa1 Rxc7 24. dxc7 Bxc5 25.
Rc1 $16 {_|_}) 22. Qa1 $1 Qxa1 23. Rxa1 Rxc7 $2 {This loses at once but after}
(23... Nd7 24. Ba3 {Black is in serious trouble, too.}) 24. dxc7 Rc8 25. Bxf8
Kxf8 26. Rc1 Ke7 27. Ba6 Kd7 28. Rd1+ 1-0

[Event "Montreal 2nd"]
[Site "Montreal"]
[Date "2001.08.12"]
[Round "10"]
[White "Lesiege, Alexandre"]
[Black "Turov, Maxim"]
[Result "1/2-1/2"]
[WhiteElo "2564"]
[BlackElo "2550"]
[Annotator "Krasenkow,M"]
[PlyCount "63"]
[EventDate "2001.08.02"]
[EventType "tourn"]
[EventRounds "11"]
[EventCountry "CAN"]
[EventCategory "9"]
[SourceTitle "CBM 085"]
[Source "ChessBase"]
[SourceDate "2001.11.13"]
[SourceVersion "1"]
[SourceVersionDate "2001.11.13"]
[SourceQuality "1"]

1. d4 Nf6 2. c4 g6 3. Nc3 d5 4. cxd5 Nxd5 5. e4 Nxc3 6. bxc3 Bg7 7. Nf3 c5 8.
Rb1 O-O 9. Be2 b6 10. O-O Bb7 11. Qd3 Qc7 12. Bg5 Nd7 {This line was examined
more closely in CBM83.} 13. d5 {This move looks premature to me.} e6 (13...
Rfe8 $5 14. Rbd1 Ne5 15. Bf4 $6 Nxd3 16. Bxc7 c4 17. Nd2 Nb2 18. Rc1 Rac8 19.
Bg3 b5 {0-1 Handke,F-Timofeev,A/Chalkidiki 2000/CBM 78 ext (47) with good
counterplay for Black}) ({The immediate} 13... Ne5 {is not that good as after}
14. Nxe5 Qxe5 15. f4 $1 (15. Bd2 $143 f5 $5) 15... Qxc3 16. Bxe7 Qd4+ ({or} 
16... Rfe8 17. d6 Qd4+ 18. Qxd4 Bxd4+ 19. Kh1 Bxe4 20. Bb5) 17. Kh1 Rfe8 18. d6
Bxe4 19. Qxd4 cxd4 20. Bb5 {Black gets into trouble.}) 14. Rbd1 (14. d6 Qc6 {
promises White nothing.}) 14... Ne5 15. Qd2 ({After} 15. d6 Nxd3 16. dxc7 c4
17. Bxd3 cxd3 18. Rxd3 Bxe4 19. Rd8 Bxf3 20. gxf3 Be5 21. Rd7 Rfc8 22. Bd8 a6
23. Re1 Bxc3 {White can't make use of his c7 pawn.}) 15... Nxf3+ 16. Bxf3 Qe5 {
Black allows Be7 and d6. Then he is ready to give up a rook for these bishop
and pawn.} 17. Be7 Rfe8 18. d6 Qxc3 19. Qg5 h6 20. Qh4 g5 21. Qh5 {White is
trying to prevent ...Bf8 or ...Bf6, which would force d6-d7. However...} Bf6 (
21... Qe5 $5 {, with idea ...c5-c4-c3, deserved attention.}) 22. Qxh6 ({
Of course, after} 22. d7 Rxe7 23. d8=Q+ Rxd8 24. Rxd8+ Kg7 {Black's position
is perfect.}) 22... Bxe7 23. dxe7 Qg7 24. Qxg7+ Kxg7 25. Rd7 Bc6 ({After} 25...
Bc8 26. Rc7 e5 {Black doesn't have time enough to capture the e7 pawn:} 27. Be2
Kf6 28. h4 $1 gxh4 29. f4 $13 {Therefore he decides on a quieter continuation.}
) 26. Rc7 Rec8 27. Rxc6 Rxc6 28. e5 Rcc8 29. Bxa8 Rxa8 30. Rd1 Re8 31. Rd7 Kg6
32. g4 {A possible continuation could be} (32. g4 f5 33. Rxa7 fxg4 34. Rb7 {
etc. with a drawish endgame.}) 1/2-1/2

[Event "Corus-B"]
[Site "Wijk aan Zee"]
[Date "2002.01.25"]
[Round "9"]
[White "Sokolov, Ivan"]
[Black "Nijboer, Friso"]
[Result "1/2-1/2"]
[WhiteElo "2659"]
[BlackElo "2574"]
[Annotator "Krasenkow,M"]
[PlyCount "80"]
[EventDate "2002.01.15"]
[EventType "tourn"]
[EventRounds "11"]
[EventCountry "NED"]
[EventCategory "11"]
[SourceTitle "CBM 087"]
[Source "ChessBase"]
[SourceDate "2002.03.21"]
[SourceVersion "1"]
[SourceVersionDate "2002.03.21"]
[SourceQuality "1"]

1. d4 Nf6 2. c4 g6 3. Nc3 d5 4. cxd5 Nxd5 5. e4 Nxc3 6. bxc3 Bg7 7. Ba3 O-O 8.
Nf3 b6 {This natural move is as good as} (8... Nd7) {The knight keeps other
development options (first of all, to c6). On the other hand, Black can't play
...b7-b5 or ...Qd8-a5 anymore.} 9. Bc4 {Or else:} (9. Bd3 c5 10. O-O Qc7 11.
Rc1 Nc6 12. h3 e5 13. dxc5 Rd8 14. Qe2 Na5 $44 {1/2-1/2 Alexandria,N-Pavlov,M/
Halle 1981/MCL (56)}) (9. Qc2 c5 (9... Nd7 10. Rd1 Bb7 11. Be2 Qc8 12. d5 c5
13. O-O Qc7 14. c4 Rae8 15. Bb2 Bxb2 16. Qxb2 e5 17. Bd3 f6 $11 {0-1 Estrada
Degrandi,W-Cantero,R/Asuncion 1960/MCL (62)}) (9... c6 $6 10. Be2 Qc7 11. O-O
Re8 12. Rad1 Nd7 13. e5 $14 {1-0 Hrtko,V-Koval,D/SVK 1998/EXT 2000 (28)}) 10.
Rd1 (10. Be2 cxd4 11. cxd4 Bb7 12. O-O Nc6 13. d5 Na5 14. Rad1 Qd7 15. Bb2 Rac8
16. Qd2 Bxb2 17. Qxb2 Qa4 $132 {0-1 Bathke,W-Klee,M/Germany 1996/EXT 98 (64)})
10... Bg4 (10... Qc7 11. d5 e6 12. Bc4 exd5 13. Bxd5 $14 {1/2-1/2 Mai,
I-Schaefer,A/Germany 1997/EXT 2000 (48)}) 11. Be2 Qc7 12. dxc5 $6 (12. d5 $11)
12... Nd7 13. O-O Nxc5 $15 {0-1 Schmidt,E-Junge,R/Bad Woerishofen 1991/TD (22)}
) (9. Be2 Bb7 (9... c5 10. O-O Ba6 (10... Qc7 11. Rc1 Rd8 12. Qb3 Be6 13. Qb1
Bg4 14. h3 Bxf3 15. Bxf3 Nc6 16. d5 Na5 17. c4 e5 18. Bd1 Nb7 19. Ba4 Nd6 20.
Bc6 Rab8 {1/2-1/2 Hvenekilde,J-Stefansson,H/Copenhagen 1990/EXT 2000 (37)}) (
10... Bb7 11. Qd3 cxd4 $6 12. cxd4 Qd7 (12... Ba6 13. Qe3 Bxe2 14. Qxe2 Nc6 15.
Rad1 $14) (12... Nc6 13. d5 Ne5 14. Nxe5 Bxe5 15. Rad1 Rc8 16. Bb4 Qd7 17. f4
Bg7 18. e5 $16 {1-0 Cordioli,J-Siban,M/Sao Paulo 1998/EXT 99 (43)}) 13. Rac1
Rd8 14. Rfd1 e6 15. Qe3 Na6 (15... Nc6 $5) 16. Qb3 Rdc8 17. Bb5 $16 {1-0
Gruenberg,H-Vujacic,B/Eger 1988/EXT 2000 (28)}) 11. Bxa6 Nxa6 12. Qe2 Qc8 13.
Rad1 Nc7 14. Ne5 Bxe5 15. dxe5 Qe6 16. f4 Rad8 17. Bc1 Rxd1 18. Rxd1 a6 19. a4
Qb3 20. Qf3 Qxa4 21. f5 $44 {1/2-1/2 Gligoric,S-Pilnik,H/Mar del Plata 1950/
MCL (32)}) 10. e5 $5 (10. Qc2 c5 11. O-O cxd4 12. cxd4 Qd7 13. Rad1 Rc8 14. Qb1
Qa4 $132 {1/2-1/2 Donner,J-Ree,H/Amsterdam 1971/EXT 2001 (41)}) (10. Qd3 Nd7 (
10... c5 $142) 11. O-O (11. e5 $5) 11... Nf6 12. Nd2 c5 13. Rad1 cxd4 14. cxd4
Qd7 15. d5 Rac8 16. Rc1 $14 {1-0 Wassin,S-Wikman,B/Laguna 1996/EXT 2000 (41)})
10... c5 11. dxc5 Qc7 12. O-O bxc5 13. Qb3 Nc6 $6 (13... Nd7 $1 14. e6 Nb6 {
this is the best square for the knight in the present position} 15. exf7+ (15.
Rad1 c4 16. Qb4 fxe6) 15... Rxf7 16. Ng5 c4 $132 17. Qb4 $6 Rf5) 14. e6 f5 $6
15. Rfd1 Rad8 16. Rd7 $1 $16 {1-0 Hvenekilde,J-Honfi,K/Kapfenberg 1970/EU-chT 
(30)}) (9. Rc1 c5 10. Qd2 (10. Be2 Nc6 11. dxc5 Qxd1+ $6 (11... Qc7 $44) 12.
Bxd1 Be6 13. Ba4 Rfc8 14. Bxc6 Rxc6 15. Nd4 Rc7 16. Nxe6 fxe6 17. Ke2 bxc5 18.
Rhd1 $14 {1-0 Ubilava,E-Fernandez Garcia,J/ESP 1993/TD (64)}) 10... Nc6 11. Bb2
Bg4 12. Bb5 Rc8 13. Rd1 Qd6 14. O-O Bxf3 15. gxf3 cxd4 16. cxd4 Rfd8 $11 {
1-0 Arbakov,V-Dietzel,J/Biel 1996/EXT 98 (36)}) {You can see that most of
these lines are playable for both sides and lead to complicated positions.}
9... Bb7 (9... Ba6 $6 10. Bxa6 Nxa6 11. Qe2 Nb8 12. O-O (12. h4 c5 13. h5 cxd4
14. cxd4 Nc6 15. Rd1 Qd7 16. hxg6 hxg6 17. d5 $36 {1/2-1/2 Simek,P-Paulovic,M/
CZE 2000/EXT 2002 (25)}) 12... Re8 13. Rfd1 Qd7 14. e5 Qa4 15. Bc1 Nc6 16. e6
f6 17. d5 $16 Na5 $4 18. Rd4 {1-0 Tratar,M-Kos,T/Ljubljana 1995/EXT 98 (18)}) (
9... Nc6 10. O-O Na5 11. Be2 (11. Bd3 $14 {Kortschnoj,V-Timman,J/Leuwarden/
1976/}) 11... Bb7 12. Qd3 c5 13. Qe3 cxd4 14. cxd4 Qd7 15. Rac1 Rfc8 16. h4 (
16. Bb4 $14 {K.Aseev}) 16... Rxc1 17. Rxc1 Rc8 18. Rxc8+ Qxc8 19. Qf4 $14 {
1/2-1/2 Aseev,K-Tseitlin,M/St Petersburg 1997/CBM 59/}) 10. O-O (10. Qd3 Nc6 $5
(10... c5 11. O-O Nc6 12. Rad1 Qc7 13. Ba6 Rfd8 14. Bxb7 Qxb7 15. d5 Na5 16. c4
e5 17. Bb2 Qe7 18. Qc3 f6 19. Nd2 Nb7 20. Qd3 Nd6 21. Nb1 a6 {1/2-1/2
Hernandez,R-Mikhalchishin,A/Havana 1982/MCD (21).}) 11. O-O Na5 12. Bb3 c5 13.
Rad1 Qc8 14. Qe3 Nxb3 15. axb3 cxd4 16. Nxd4 Re8 $11 {0-1 Rocha,V-Sant'Ana,R/
Rio de Janeiro 1999/EXT 2000 (31)}) 10... c5 (10... Nd7 $6 11. Qb3 Rb8 $2 12.
Ng5 Qe8 13. e5 b5 14. Bxf7+ Rxf7 15. e6 $18 {0-1 Navratilik,P-Marek,J/CZE 1995/
EXT 98 (38)}) 11. Qe2 (11. Re1 $6 Nc6 12. Bd5 e6 13. Bb3 Re8 14. e5 Rc8 15.
dxc5 bxc5 16. Qe2 Qa5 17. Bb2 Red8 $15 {0-1 Christiansen,L-Epishin,V/New York
1989/CBM 12 (56)}) 11... Qc7 {The simplest way of development.} (11... Qc8 12.
Rab1 Nd7 13. e5 Bxf3 14. gxf3 Qc7 15. f4 e6 16. Rfd1 Rad8 17. Qe4 Rfe8 18. Bb5
$14 {1/2-1/2 Chiburdanidze,M-Qin Kanying/Shanghai 2001/CBM 82 ext (38)}) (11...
cxd4 12. cxd4 Nc6 13. Rad1 Rc8 14. Ba6 Bxa6 15. Qxa6 Qd7 16. Qb5 Qb7 17. d5 Na5
18. Rc1 Bh6 19. Rb1 Nc4 $132 {0-1 Firych,M-Svanda,P/CZE 1995/EXT 98 (38)}) (
11... Nc6 12. Rad1 Qc7 13. Bb2 Na5 14. Bd3 e6 15. Nd2 Rfd8 16. Rc1 Qd7 17. Nf3
Rac8 18. Bb5 Bc6 19. Ba6 Bb7 $11 {1-0 Maric,A-Chiburdanidze,M/Shanghai 1992/
CBM 33 (51)}) 12. Rac1 (12. Rad1 e6 (12... Nc6 $142 $11 {- see above}) 13. Bc1
Rc8 $2 (13... Nc6) 14. d5 $1 exd5 15. exd5 Qd6 16. Ng5 $1 h6 17. Nxf7 $1 Kxf7
18. Bf4 $1 Qd7 19. d6+ Kf8 20. Rfe1 $1 $18 {-> 1-0 Ivanov,S-Mikhalevski,V/
Beer_Sheva 1998 (42)}) (12. Rab1 $5 {Se.Ivanov}) 12... e6 (12... Nd7 {is
possible, too:} 13. e5 e6 (13... Bxf3 14. Qxf3 e6 15. Qe3 a6 16. f4 b5 17. Bb3
$14 {1-0 Kurnosov,I-Aleinikov,P/Nizhnij Novgorod 1999/EXT 2000 (32)}) 14. Ng5
a6 15. f4 b5 16. Bb3 Qa5 17. Bb2 Nb6 $132 {0-1 Dragomarezkij,E-Najer,E/Moscow
1998/EXT 2000 (29)}) ({or} 12... Nc6 13. Qe3 Na5 14. Be2 Rac8 15. d5 e6 16. c4
Rfe8 17. Rfd1 Rcd8 18. Qd2 exd5 19. exd5 Bc8 20. Re1 Nb7 21. h3 Nd6 $132 {
0-1 Aseev,K-Yandemirov,V/St Petersburg 1996/CBM 56 ext (62)}) 13. dxc5 Rd8 14.
cxb6 axb6 {In this typical position Black has a good compensation for the pawn,
due to the white pawn weaknesses on a2 and c3.} 15. Bb4 Na6 16. Rfe1 Nc5 17. e5
Bxf3 18. Qxf3 (18. gxf3 $6) 18... Bxe5 $15 {Black's superior pawn structure is
partly compensated by the white bishop pair. With accurate defense GM Ivan
Sokolov reaches a draw.} 19. g3 Bg7 20. a3 Rac8 21. Red1 h5 22. h4 Qe5 23. Qe2
Qxe2 24. Bxe2 Ne4 25. Rxd8+ Rxd8 26. Bf3 Nd2 27. Be2 Rc8 28. Ba6 Rd8 29. Kg2
Ne4 30. Rc2 Bf8 31. Bb7 Nc5 32. Bf3 f5 33. Re2 {preventing ...e6-e5-e4.} Kf7
34. Bc6 Nd3 35. Bb5 Nxb4 36. cxb4 Kf6 37. Rc2 e5 38. Rc6+ Rd6 39. Rxd6+ Bxd6
40. Be8 e4 1/2-1/2

[Event "Asia-ch"]
[Site "Kolkata"]
[Date "2001.08.11"]
[Round "3"]
[White "Magai, Vladimir"]
[Black "Konguvel, Ponnuswamy"]
[Result "1-0"]
[WhiteElo "2537"]
[BlackElo "2371"]
[Annotator "Krasenkow,M"]
[PlyCount "75"]
[EventDate "2001.08.09"]
[EventType "swiss"]
[EventRounds "11"]
[EventCountry "IND"]
[SourceTitle "CBM 085"]
[Source "ChessBase"]
[SourceDate "2001.11.13"]
[SourceVersion "1"]
[SourceVersionDate "2001.11.13"]
[SourceQuality "1"]

1. d4 Nf6 2. c4 g6 3. Nc3 d5 4. cxd5 Nxd5 5. e4 Nxc3 6. bxc3 Bg7 7. Nf3 c5 8.
Rb1 O-O 9. Be2 cxd4 10. cxd4 Qa5+ 11. Bd2 Qxa2 12. O-O a5 13. Bg5 a4 14. Re1
Bg4 15. Bxe7 Rc8 {With this move IM P.Konguvel tries to repair this dubious
line. However, with a strong pawn centre, White maintains the better prospects.
} (15... Re8 16. Ra1 Qe6 17. Ba3 Qxe4 18. Ng5 $1 Qf4 19. Bc4 $3 Nc6 20. Nxf7
Rxe1+ 21. Qxe1 Bxd4 22. Bc1 Qf6 23. Nh6+ Kh8 24. Nxg4 Bxf2+ 25. Qxf2 Qxa1 26.
Qb2+ {1-0 Shulman,Y-Oral,T/Ostrava 1998/CBM 65 (26) -see GM Y.Shulman's
annotations in CBM65.}) 16. e5 $1 ({Shulman did less successfully:} 16. Rxb7
Nc6 17. Bc5 a3 18. h3 Bxf3 19. Bxf3 Qc4 20. Be2 Qc3 21. Rb3 Qxe1+ 22. Qxe1 a2
23. Rb1 Nxd4 24. Bxd4 Bxd4 25. Ra1 Rc2 26. Bd3 Rxf2 27. Kh2 (27. Qxf2 Bxa1 $19)
27... Bxa1 28. Qxa1 Rb8 29. Qe5 Rb1 30. Qd5 a1=Q 31. Bxb1 Qxb1 32. Qd8+ Kg7 33.
Qd4+ Rf6 {0-1 Shulman,Y-Konguvel,P/Koszalin 1998/CBM 65 ext (33)}) 16... Nc6
17. Bd6 a3 {Pushing this pawn as far as possible is the correct plan for Black
in such positions. The queen should not be removed from a2 without urgent need.
However, in the present position Black doesn't succeed due to White's
domination in the centre.} (17... Qd5 18. Rb5) 18. d5 Nd8 {[%csl Rd8]} 19. Ra1
Qb2 20. Nd4 {[%csl Gd4,Gd5,Ge5]} (20. Ng5 $5 Bf5 21. Bg4) 20... Rc4 (20... Bd7
{doesn't solve Black's problems either. His main trouble is the ill-fated d8
knight. For instance,} 21. Bf1 {[%cal Re1e2]} Ba4 22. Qd3 Rc3 (22... a2 23. Ba3
Qc3 24. Qxc3 Rxc3 25. Bb2 Rc5 26. Rxa2 Rxd5 27. Rea1 $18) 23. Bxa3 Qxa1 24.
Rxa1 Rxd3 25. Bxd3 Bxe5 26. Bb2 $16) 21. Nf3 $6 {Why?} ({Why could safely
continue} 21. Nb3 {, e.g.} Rc3 (21... Re4 22. f3 Re3 23. Rb1 Qc3 24. Na1 {
[%cal Rb1b3]} Bxe5 25. Rc1 Qa5 26. Bxe5 Rxe5 27. fxg4 $18) 22. Bxg4 ({but not} 
22. Rb1 Bf5 $1 23. Rxb2 axb2 24. Bb4 Bxe5 $1 25. Bxc3 Bxc3 {and White has
nothing better than} 26. Rf1 b1=Q 27. Qxb1 Bxb1 28. Rxb1 Be5 $11) 22... Rxb3 $1
(22... Qxb3 23. e6 Qxd1 24. Raxd1 fxe6 25. dxe6 Nc6 26. e7 Kf7 27. Bd7 Re8 28.
Bxe8+ Kxe8 29. Ra1 $18) 23. Re2 Rd3 24. Rxb2 axb2 25. Rb1 Rxd1+ 26. Bxd1 {
with a superior endgame.}) 21... Re4 {I don't think Black was playing for a
win. He was probably afraid that after} (21... Rcc8 {White would play
something else, say,} 22. Ng5) ({Interesting variations arise after} 21... Bxf3
22. Bxf3 Rd4 23. Qb1 Qxb1 24. Rexb1 $16 {e.g.} a2 25. Rb2 Rda4 26. Be2 f6 27.
Bb5 fxe5 28. Bxa4 e4 29. Rbxa2 Bxa1 30. Bb3 Rxa2 31. Bxa2 {etc.}) 22. Qd3 (22.
Rb1 $5 Qc3 23. Rb3) 22... Bxf3 23. Qxf3 Rxe5 24. Bxa3 {After the capture of
this pawn, with a pair of bishops, the strong d5 pawn and the opponent's poor
d8 knight, White has all chances to win.} Qc2 25. Bf1 f5 26. Rac1 Qa4 27. Be7
Rxe1 28. Rxe1 Qa5 29. Rd1 b5 30. d6 b4 31. d7 Rb8 $2 {Loses instantly.} (31...
Bc3 $142) 32. Bd6 Rb7 33. Qe3 (33. Bc4+ Kh8 34. Qe3 {was even better.}) 33...
h5 34. Qe8+ Kh7 35. Bc4 Qa4 36. Qg8+ Kh6 37. Bf4+ g5 38. Rd6+ 1-0

[Event "UKR-ch"]
[Site "Ordzhonikidze"]
[Date "2001.09.09"]
[Round "2"]
[White "Korobov, Anton"]
[Black "Goloshchapov, Alexander"]
[Result "1/2-1/2"]
[WhiteElo "2470"]
[BlackElo "2550"]
[Annotator "Krasenkow,M"]
[PlyCount "52"]
[EventDate "2001.09.08"]
[EventType "swiss"]
[EventRounds "9"]
[EventCountry "UKR"]
[SourceTitle "CBM 086"]
[Source "ChessBase"]
[SourceDate "2002.02.05"]
[SourceVersion "1"]
[SourceVersionDate "2002.02.05"]
[SourceQuality "1"]

1. d4 Nf6 2. c4 g6 3. Nc3 d5 4. cxd5 Nxd5 5. e4 Nxc3 6. bxc3 Bg7 7. Nf3 c5 8.
h3 O-O 9. Be2 Nc6 10. Be3 cxd4 11. cxd4 f5 $1 {[%mdl 4] Amazingly, this
typical counterplay is new in this particular position.} ({In previous issues 
(CBM75,82,83) we mostly dealt with} 11... Qa5+) 12. exf5 (12. Qb3+ Kh8 13. Rd1
$6 fxe4 14. Ng5 {doesn't work in view of} Nxd4 $1 15. Qc4 (15. Nf7+ Rxf7 16.
Qxf7 Be6 17. Qf4 Qa5+ 18. Bd2 Qa4) ({or} 15. Bxd4 Qa5+ 16. Kf1 Qxg5 {is
clearly favourable for Black, too}) 15... Qa5+ 16. Rd2 Nxe2 17. Nf7+ Rxf7 18.
Qxf7 Bd7 19. Kxe2 Bb5+ 20. Ke1 Rc8 21. f3 exf3 (21... Bf6 $1 $19 {/\22...Bh4+,/
\22...Bc4}) 22. Qe6 Rd8 23. gxf3 Qc3 24. Qb3 Rd3 25. Bf4 Rxf3 26. Qxb5 Rxf4 $19
{0-1 Arencibia,W-Eljanov,P/Ubeda ESP 2001(33)}) 12... Qa5+ 13. Bd2 (13. Kf1 $6
{, disconnecting rooks, is hardly good for White:} Bxf5 14. Qb3+ Kh8 15. Rd1
Rac8 (15... e6 $143 16. Ng5 Qb4 17. Qxb4 (17. Bc4 $5) 17... Nxb4 18. g4 Bc2 19.
Rc1 Rae8 20. Bc4 Nd5 21. Ke2 Ba4 22. Bxd5 (22. Nxe6 $142 {leads to a drawish
endgame:} Rxe6 23. Bxd5 Rd6 24. Bb3 (24. Bxb7 Bb5+ 25. Ke1 Bxd4 $11) 24... Bxb3
25. axb3 Bxd4 $11) 22... exd5 23. Rc7 Bxd4 24. Kd3 Bg7 25. Rb1 Bc6 $15 {
0-1 Korniushin,N-Yandemirov,V/Tomsk 2001/CBM 82 ext (34)}) 16. Qxb7 (16. d5 Nd8
) 16... Be4 17. Qb2 Rb8 {with an excellent position for Black}) 13... Qxf5 14.
Bc3 Be6 {[%csl Gd5]} 15. O-O Rad8 $15 {[%csl Rd4] Of course, with good
development, control of the d5 square and White's weakness on d4, Black has no
problems.} 16. Rb1 Bd5 {This enables White to simplify the game.} (16... b6 $5
$15) 17. Rxb7 Nxd4 18. Nxd4 Qg5 19. Bf3 (19. Bg4 $5 {leads to interesting
complications:} Bxb7 (19... h5 $4 20. Ne6 Bxb7 21. Nxg5 Rxd1 22. Be6+ $18) 20.
Qb3+ Bd5 21. Be6+ Rf7 $1 (21... Kh8 $6 22. Bxd5 Qxd5 23. Ne6 $1) 22. Bxd5 (22.
Bxf7+ Kxf7 23. Nf3 Qf5 $17) 22... Qxd5 23. Ne6 Qxb3 24. axb3 Bxc3 25. Nxd8 Rf6
26. Rc1 Bd4 27. Rc2 Bb6 28. Rd2 e5 $15 {and in this endgame Black's bishop is
stronger than White's misplaced knight.}) 19... Bxb7 20. Bxb7 Bxd4 21. Bxd4 Qb5
22. Bf3 Qc4 (22... e5 {doesn't change much}) 23. Bxa7 $5 {An interesting idea.
White sacs his queen intending to create an unassailable fortress with his
pair of bishops.} Rxd1 24. Rxd1 Rxf3 {This forces a draw. With} (24... e6 {
Black could have tried to play for a win but had he any real chances?}) 25.
gxf3 Qxa2 26. Be3 Kf7 {With pawns at the same side, Black has no chances to
win.} 1/2-1/2